| 000 | 00874nam a2200265Ia 4500 | ||
|---|---|---|---|
| 001 | Para_4614 | ||
| 003 | CHAP | ||
| 008 | 220125s1926 xx 000 0 und d | ||
| 010 | _a203095 | ||
| 040 | _cCHAP | ||
| 090 | _aPA FOLLETO 1955 | ||
| 100 |
_aMarcovitch, S _971308 |
||
| 245 |
_aSupplementary investigations of the fluosilicates as insecticides : _b with observations on the effect of heat and drought on the mexican bean beetle / _c S. Marcovitch |
||
| 260 |
_aKnoxville, Tennessee : _b Agricultural Experiment Station |
||
| 300 | _a13 p. | ||
| 440 |
_aTennessee. Agri. Exp. Sta. Bull; 134 _9168695 |
||
| 650 |
_aEpilachna varivestis Frijol _x Plagas _9166242 |
||
| 901 | _aPA FOLLETO 1955 | ||
| 902 | _aA | ||
| 905 | _a0000001926 KNO 0000000000 00 | ||
| 910 | _a1926 | ||
| 942 | _cPARA | ||
| 942 |
_cPARA _d1 |
||
| 999 |
_c203095 _d203095 |
||